00375nam a2200109Ia 4500008004100000020000600041100004100047245003000088999001900118942002600137952010200163211105s9999 xx 000 0 und d a" a Van Nieuwenhuizen, Jackie 9123086 0aDie baas van Brakfontein  c589982d589981 y296zPhillipina Naude 00104070aERMELLbERMELLd2021-11-08g38.12l0oAF VANNp33228012474399r2021-11-08w2021-11-08